[Event "Russian Blitz Team Championship (m)"]
[Site "Sochi"]
[Date "2022.10.17"]
[Round "7.6"]
[White "Tsydypov, Zhamsaran"]
[Black "Sjugirov, Sanan"]
[Result "1-0"]
[BlackElo "2609"]
[WhiteElo "2598"]
[LiveChessVersion "1.4.8"]

1. e4 {[%clk 0:03:03]} c5 {[%clk 0:03:03]} 2. Nf3 {[%clk 0:03:04]} e6
{[%clk 0:03:01]} 3. d4 {[%clk 0:03:04]} cxd4 {[%clk 0:03:03]} 4. Nxd4 a6 5. c4
{[%clk 0:03:01]} Nf6 {[%clk 0:03:03]} 6. Nc3 {[%clk 0:03:01]} Qc7
{[%clk 0:03:03]} 7. a3 {[%clk 0:02:55]} b6 {[%clk 0:03:02]} 8. Be2
{[%clk 0:02:55]} Bb7 {[%clk 0:03:02]} 9. f3 {[%clk 0:02:56]} Be7 {[%clk 0:02:53]}
10. Be3 {[%clk 0:02:56]} d6 {[%clk 0:02:52]} 11. O-O {[%clk 0:02:54]} Nbd7
{[%clk 0:02:50]} 12. Qd2 {[%clk 0:02:53]} O-O {[%clk 0:02:50]} 13. b4
{[%clk 0:02:54]} Rac8 {[%clk 0:02:47]} 14. Rfc1 {[%clk 0:02:53]} Qb8
{[%clk 0:02:27]} 15. Na4 {[%clk 0:02:44]} Rfe8 {[%clk 0:02:13]} 16. Kh1
{[%clk 0:02:30]} h5 {[%clk 0:01:44]} 17. Bg5 {[%clk 0:01:49]} Bd8
{[%clk 0:01:29]} 18. Rab1 {[%clk 0:01:43]} Qa8 {[%clk 0:01:02]} 19. Bf1
{[%clk 0:01:20]} Bc7 {[%clk 0:01:01]} 20. Bh4 {[%clk 0:01:12]} Red8
{[%clk 0:00:44]} 21. Qb2 {[%clk 0:01:09]} Rb8 {[%clk 0:00:10]} 22. Bf2
{[%clk 0:00:59]} Rdc8 {[%clk 0:00:11]} 23. Rd1 {[%clk 0:00:52]} Ne5
{[%clk 0:00:12]} 24. Qa2 {[%clk 0:00:38]} Ng6 {[%clk 0:00:10]} 25. c5
{[%clk 0:00:34]} dxc5 {[%clk 0:00:10]} 26. bxc5 {[%clk 0:00:35]} b5
{[%clk 0:00:11]} 27. Nb6 {[%clk 0:00:34]} Bxb6 {[%clk 0:00:12]} 28. cxb6
{[%clk 0:00:36]} Re8 {[%clk 0:00:08]} 29. a4 {[%clk 0:00:36]} bxa4
{[%clk 0:00:09]} 30. Qxa4 {[%clk 0:00:37]} h4 {[%clk 0:00:08]} 31. h3
{[%clk 0:00:37]} Nh5 {[%clk 0:00:07]} 32. Rbc1 {[%clk 0:00:31]} Rbc8
{[%clk 0:00:07]} 33. Nb3 {[%clk 0:00:31]} Qb8 {[%clk 0:00:05]} 34. Rc7
{[%clk 0:00:32]} Rf8 {[%clk 0:00:03]} 35. Rdd7 {[%clk 0:00:29]} Rxc7
{[%clk 0:00:04]} 36. bxc7 {[%clk 0:00:29]} Qc8 {[%clk 0:00:06]} 37. Bb6
{[%clk 0:00:30]} e5 {[%clk 0:00:03]} 38. Nc5 {[%clk 0:00:28]} 1-0

[Event "Russian Blitz Team Championship (m)"]
[Site "Sochi"]
[Date "2022.10.17"]
[Round "7.7"]
[White "Timofeev, Artyom"]
[Black "Moiseenko, Vadim"]
[Result "1-0"]
[BlackElo "2492"]
[WhiteElo "2579"]
[LiveChessVersion "1.4.8"]

1. e4 {[%clk 0:03:02]} e5 {[%clk 0:03:01]} 2. Nf3 {[%clk 0:03:02]} Nc6
{[%clk 0:02:57]} 3. Bb5 {[%clk 0:03:03]} a6 {[%clk 0:02:58]} 4. Ba4
{[%clk 0:03:04]} b5 {[%clk 0:02:59]} 5. Bb3 {[%clk 0:03:05]} Na5 {[%clk 0:03:00]}
6. Nxe5 {[%clk 0:02:34]} Nxb3 {[%clk 0:02:57]} 7. axb3 {[%clk 0:02:35]} Qe7
{[%clk 0:02:57]} 8. d4 {[%clk 0:02:31]} d6 {[%clk 0:02:58]} 9. Nf3
{[%clk 0:02:29]} Qxe4+ {[%clk 0:02:58]} 10. Be3 {[%clk 0:02:29]} Bf5
{[%clk 0:02:59]} 11. c3 {[%clk 0:02:20]} Qd3 {[%clk 0:02:29]} 12. Qxd3
{[%clk 0:02:07]} Bxd3 {[%clk 0:02:29]} 13. Na3 {[%clk 0:02:08]} c6
{[%clk 0:02:20]} 14. Kd2 {[%clk 0:02:01]} Be4 {[%clk 0:02:18]} 15. Rhe1
{[%clk 0:02:00]} Bxf3 {[%clk 0:02:12]} 16. gxf3 {[%clk 0:02:01]} Kd7
{[%clk 0:02:09]} 17. Nc2 {[%clk 0:01:54]} Nf6 {[%clk 0:01:48]} 18. Bg5
{[%clk 0:01:50]} Nd5 {[%clk 0:01:36]} 19. c4 {[%clk 0:01:50]} Nc7
{[%clk 0:01:37]} 20. Kd3 {[%clk 0:01:27]} h6 {[%clk 0:01:31]} 21. Bd2
{[%clk 0:01:22]} Be7 {[%clk 0:01:29]} 22. Ne3 {[%clk 0:01:20]} g6
{[%clk 0:01:20]} 23. d5 {[%clk 0:01:06]} cxd5 {[%clk 0:01:06]} 24. Nxd5
{[%clk 0:00:59]} Nxd5 {[%clk 0:01:06]} 25. cxd5 {[%clk 0:01:00]} Rhc8
{[%clk 0:00:47]} 26. Bb4 {[%clk 0:00:56]} Bf6 {[%clk 0:00:45]} 27. Ra2
{[%clk 0:00:55]} a5 {[%clk 0:00:37]} 28. Rxa5 {[%clk 0:00:53]} Rxa5
{[%clk 0:00:38]} 29. Bxa5 {[%clk 0:00:54]} Rc5 {[%clk 0:00:37]} 30. Bc3
{[%clk 0:00:43]} Rxd5+ {[%clk 0:00:35]} 31. Kc2 {[%clk 0:00:39]} Rf5
{[%clk 0:00:33]} 32. Bxf6 {[%clk 0:00:38]} Rxf6 {[%clk 0:00:34]} 33. Re3
{[%clk 0:00:39]} Rf4 {[%clk 0:00:35]} 34. Kc3 {[%clk 0:00:32]} h5
{[%clk 0:00:35]} 35. Rd3 {[%clk 0:00:31]} Rh4 {[%clk 0:00:29]} 36. h3
{[%clk 0:00:17]} Rxh3 {[%clk 0:00:27]} 37. Kb4 {[%clk 0:00:18]} Kc6
{[%clk 0:00:28]} 38. Ka5 {[%clk 0:00:19]} Rh2 {[%clk 0:00:16]} 39. Rc3+
{[%clk 0:00:20]} Kb7 {[%clk 0:00:17]} 40. Rc2 {[%clk 0:00:21]} h4
{[%clk 0:00:14]} 41. Kxb5 {[%clk 0:00:22]} h3 {[%clk 0:00:16]} 42. Re2
{[%clk 0:00:19]} f5 {[%clk 0:00:09]} 43. Re7+ Kc8 44. Kc6 {[%clk 0:00:20]} Kd8
{[%clk 0:00:12]} 45. Rh7 {[%clk 0:00:21]} Ke8 {[%clk 0:00:07]} 46. b4
{[%clk 0:00:22]} Kf8 {[%clk 0:00:05]} 47. b5 {[%clk 0:00:22]} Kg8
{[%clk 0:00:07]} 48. Rh4 {[%clk 0:00:22]} Rxf2 {[%clk 0:00:04]} 49. Rxh3
{[%clk 0:00:21]} Rxb2 50. b6 {[%clk 0:00:22]} d5 {[%clk 0:00:03]} 51. b7
{[%clk 0:00:22]} d4 {[%clk 0:00:05]} 52. f4 d3 53. Rxd3 Rc2+ {[%clk 0:00:05]} 54.
Kd7 {[%clk 0:00:25]} Rb2 {[%clk 0:00:06]} 55. Kc8 {[%clk 0:00:22]} Rc2+
{[%clk 0:00:08]} 56. Kb8 {[%clk 0:00:23]} Rb2 {[%clk 0:00:05]} 57. Rd7
{[%clk 0:00:23]} g5 {[%clk 0:00:06]} 58. fxg5 {[%clk 0:00:23]} f4
{[%clk 0:00:08]} 59. Kc8 {[%clk 0:00:18]} f3 {[%clk 0:00:08]} 60. b8=Q
{[%clk 0:00:18]} 1-0

[Event "Russian Blitz Team Championship (m)"]
[Site "Sochi"]
[Date "2022.10.17"]
[Round "7.8"]
[White "Rozum, Ivan"]
[Black "Faizrakhmanov, Ramil"]
[Result "1/2-1/2"]
[BlackElo "2421"]
[WhiteElo "2428"]
[LiveChessVersion "1.4.8"]

1. b3 {[%clk 0:03:03]} d5 {[%clk 0:03:02]} 2. Bb2 {[%clk 0:03:04]} Bf5
{[%clk 0:03:02]} 3. d3 {[%clk 0:03:05]} e6 {[%clk 0:03:02]} 4. Nd2
{[%clk 0:03:05]} Nf6 {[%clk 0:03:02]} 5. g3 {[%clk 0:03:06]} Be7 {[%clk 0:03:01]}
6. Bg2 {[%clk 0:03:07]} O-O {[%clk 0:02:55]} 7. e4 {[%clk 0:03:08]} Bg6
{[%clk 0:02:55]} 8. Nh3 {[%clk 0:03:08]} dxe4 {[%clk 0:02:32]} 9. dxe4
{[%clk 0:03:09]} Nc6 {[%clk 0:02:25]} 10. Nf4 {[%clk 0:03:09]} Bb4
{[%clk 0:02:12]} 11. Nxg6 {[%clk 0:02:57]} hxg6 {[%clk 0:02:12]} 12. a3
{[%clk 0:02:55]} Bc5 {[%clk 0:01:50]} 13. O-O {[%clk 0:02:53]} a5
{[%clk 0:01:46]} 14. Nc4 {[%clk 0:02:29]} Bd4 {[%clk 0:01:34]} 15. c3
{[%clk 0:02:13]} Ba7 {[%clk 0:01:33]} 16. a4 {[%clk 0:02:13]} Qxd1
{[%clk 0:01:28]} 17. Raxd1 {[%clk 0:02:13]} Rfd8 {[%clk 0:01:29]} 18. Bf3
{[%clk 0:02:07]} Bc5 {[%clk 0:01:28]} 19. Kg2 {[%clk 0:02:07]} Nd7
{[%clk 0:01:21]} 20. Be2 {[%clk 0:02:04]} Nde5 {[%clk 0:01:12]} 21. f4
{[%clk 0:01:59]} Nxc4 {[%clk 0:01:12]} 22. Bxc4 {[%clk 0:02:00]} Kf8
{[%clk 0:01:06]} 23. Kf3 {[%clk 0:01:56]} Ke7 {[%clk 0:01:07]} 24. Ke2
{[%clk 0:01:56]} f6 {[%clk 0:00:56]} 25. Bb5 {[%clk 0:01:54]} Na7
{[%clk 0:00:52]} 26. Rxd8 {[%clk 0:01:43]} Rxd8 {[%clk 0:00:52]} 27. Bd3
{[%clk 0:01:43]} c6 {[%clk 0:00:42]} 28. Bc2 {[%clk 0:01:36]} Nc8
{[%clk 0:00:41]} 29. h4 {[%clk 0:01:22]} Nb6 {[%clk 0:00:37]} 30. Rh1
{[%clk 0:01:17]} Nd7 {[%clk 0:00:32]} 31. Rb1 {[%clk 0:01:06]} e5
{[%clk 0:00:27]} 32. Rd1 {[%clk 0:01:00]} exf4 {[%clk 0:00:25]} 33. gxf4
{[%clk 0:01:01]} Rh8 {[%clk 0:00:24]} 34. Rh1 {[%clk 0:01:02]} Nf8
{[%clk 0:00:23]} 35. c4 {[%clk 0:00:58]} Ne6 {[%clk 0:00:22]} 36. Kf3
{[%clk 0:00:52]} Nd4+ {[%clk 0:00:23]} 37. Bxd4 {[%clk 0:00:53]} Bxd4
{[%clk 0:00:24]} 38. e5 {[%clk 0:00:51]} fxe5 {[%clk 0:00:23]} 39. Bxg6
{[%clk 0:00:52]} exf4 {[%clk 0:00:22]} 40. Kxf4 {[%clk 0:00:53]} Kd6
{[%clk 0:00:19]} 41. h5 {[%clk 0:00:52]} Kc5 {[%clk 0:00:20]} 42. Ke4
{[%clk 0:00:47]} Bf6 {[%clk 0:00:17]} 43. Kd3 {[%clk 0:00:48]} Kb4
{[%clk 0:00:18]} 44. Kc2 {[%clk 0:00:50]} Rd8 {[%clk 0:00:18]} 45. Rh2
{[%clk 0:00:46]} Rd4 {[%clk 0:00:16]} 46. Rf2 {[%clk 0:00:47]} Rh4
{[%clk 0:00:16]} 47. Bf7 {[%clk 0:00:28]} Rh3 {[%clk 0:00:14]} 48. c5
{[%clk 0:00:29]} Rc3+ {[%clk 0:00:11]} 49. Kd1 {[%clk 0:00:28]} Rd3+
{[%clk 0:00:05]} 50. Kc2 {[%clk 0:00:28]} Rh3 {[%clk 0:00:05]} 51. Rf5
{[%clk 0:00:22]} Bd4 {[%clk 0:00:04]} 52. Rg5 {[%clk 0:00:19]} Bf6
{[%clk 0:00:03]} 53. Rf5 {[%clk 0:00:19]} Rc3+ {[%clk 0:00:04]} 54. Kd1
{[%clk 0:00:20]} Rxc5 {[%clk 0:00:04]} 55. Rxc5 {[%clk 0:00:20]} Kxc5
{[%clk 0:00:05]} 56. Kc2 {[%clk 0:00:21]} Kb4 {[%clk 0:00:07]} 57. Be6
{[%clk 0:00:22]} b6 {[%clk 0:00:07]} 58. Bd7 {[%clk 0:00:23]} c5 {[%clk 0:00:07]}
59. Bb5 {[%clk 0:00:24]} 1/2-1/2

[Event "Russian Blitz Team Championship (m)"]
[Site "Sochi"]
[Date "2022.10.17"]
[Round "7.9"]
[White "Grachev, Boris"]
[Black "Ponkratov, Pavel"]
[Result "1/2-1/2"]
[BlackElo "2515"]
[WhiteElo "2565"]
[LiveChessVersion "1.4.8"]

1. d4 {[%clk 0:03:03]} Nf6 {[%clk 0:03:03]} 2. Nf3 {[%clk 0:03:03]} d5
{[%clk 0:03:03]} 3. Bf4 {[%clk 0:02:56]} c5 {[%clk 0:03:04]} 4. e3
{[%clk 0:02:57]} Nc6 {[%clk 0:03:04]} 5. c3 {[%clk 0:02:50]} Bg4 {[%clk 0:03:03]}
6. Nbd2 {[%clk 0:02:46]} e6 {[%clk 0:03:04]} 7. h3 {[%clk 0:02:44]} Bxf3
{[%clk 0:03:02]} 8. Nxf3 {[%clk 0:02:44]} Bd6 {[%clk 0:03:03]} 9. Bxd6
{[%clk 0:02:39]} Qxd6 {[%clk 0:03:04]} 10. Bd3 {[%clk 0:02:35]} O-O
{[%clk 0:03:03]} 11. O-O {[%clk 0:02:35]} e5 {[%clk 0:03:04]} 12. dxe5
{[%clk 0:02:36]} Nxe5 {[%clk 0:03:05]} 13. Nxe5 {[%clk 0:02:36]} Qxe5
{[%clk 0:03:05]} 14. Qf3 {[%clk 0:02:30]} Rad8 {[%clk 0:03:05]} 15. Rad1
{[%clk 0:02:30]} b6 {[%clk 0:03:06]} 16. Bc2 {[%clk 0:02:20]} Rfe8
{[%clk 0:03:06]} 17. Rd2 {[%clk 0:02:14]} Ne4 {[%clk 0:03:03]} 18. Bxe4
{[%clk 0:02:02]} dxe4 {[%clk 0:03:03]} 19. Qd1 {[%clk 0:02:03]} Qe7
{[%clk 0:02:52]} 20. Rxd8 {[%clk 0:01:41]} Rxd8 {[%clk 0:02:53]} 21. Qa4
{[%clk 0:01:42]} g6 {[%clk 0:02:40]} 22. b4 {[%clk 0:01:35]} c4 {[%clk 0:02:30]}
23. Qc6 {[%clk 0:01:28]} Qe6 {[%clk 0:02:25]} 24. Qc7 {[%clk 0:00:59]} Rd7
{[%clk 0:02:23]} 25. Qc8+ {[%clk 0:00:48]} Kg7 {[%clk 0:02:24]} 26. a4
{[%clk 0:00:49]} h5 {[%clk 0:02:09]} 27. b5 {[%clk 0:00:47]} h4 {[%clk 0:01:34]}
28. Qb8 {[%clk 0:00:41]} g5 {[%clk 0:01:24]} 29. Ra1 {[%clk 0:00:11]} Qd6
{[%clk 0:01:15]} 30. Qxd6 {[%clk 0:00:09]} Rxd6 {[%clk 0:01:16]} 31. a5
{[%clk 0:00:11]} Rd3 {[%clk 0:01:02]} 32. axb6 {[%clk 0:00:12]} axb6
{[%clk 0:01:04]} 33. Ra6 {[%clk 0:00:13]} Rxc3 {[%clk 0:01:03]} 34. Rxb6
{[%clk 0:00:14]} Rc1+ {[%clk 0:01:00]} 35. Kh2 {[%clk 0:00:16]} Rb1
{[%clk 0:00:55]} 36. Rc6 {[%clk 0:00:15]} Rxb5 {[%clk 0:00:51]} 37. Rxc4
{[%clk 0:00:16]} f5 {[%clk 0:00:52]} 38. g3 {[%clk 0:00:11]} Rb2 {[%clk 0:00:49]}
39. Kg2 {[%clk 0:00:07]} hxg3 {[%clk 0:00:46]} 40. Kxg3 {[%clk 0:00:08]} Kf6
{[%clk 0:00:48]} 41. Rc6+ {[%clk 0:00:09]} Ke5 {[%clk 0:00:48]} 42. Rc5+
{[%clk 0:00:10]} Ke6 {[%clk 0:00:50]} 43. Ra5 {[%clk 0:00:10]} Rb3
{[%clk 0:00:36]} 44. Ra6+ {[%clk 0:00:10]} Ke5 {[%clk 0:00:36]} 45. Ra5+
{[%clk 0:00:11]} Kf6 {[%clk 0:00:37]} 46. Ra6+ {[%clk 0:00:12]} Ke5 1/2-1/2

[Event "Russian Blitz Team Championship (m)"]
[Site "Sochi"]
[Date "2022.10.17"]
[Round "7.10"]
[White "Lysyj, Igor"]
[Black "Dreev, Aleksey"]
[Result "1-0"]
[BlackElo "2625"]
[WhiteElo "2576"]
[LiveChessVersion "1.4.8"]

1. d4 {[%clk 0:03:02]} d5 {[%clk 0:03:03]} 2. c4 {[%clk 0:03:03]} e6
{[%clk 0:03:04]} 3. Nc3 {[%clk 0:03:03]} Nf6 {[%clk 0:03:05]} 4. cxd5
{[%clk 0:03:04]} exd5 {[%clk 0:03:06]} 5. Bf4 {[%clk 0:03:04]} c6
{[%clk 0:03:01]} 6. e3 {[%clk 0:03:05]} Bf5 {[%clk 0:02:58]} 7. f3
{[%clk 0:03:06]} Bd6 {[%clk 0:02:54]} 8. g4 {[%clk 0:03:06]} Be6 {[%clk 0:02:51]}
9. Nge2 {[%clk 0:03:05]} O-O {[%clk 0:02:47]} 10. h4 {[%clk 0:03:01]} c5
{[%clk 0:02:43]} 11. Bxd6 {[%clk 0:02:33]} Qxd6 {[%clk 0:02:44]} 12. dxc5
{[%clk 0:02:34]} Qxc5 {[%clk 0:02:44]} 13. Nd4 {[%clk 0:02:35]} Nc6
{[%clk 0:02:41]} 14. Kf2 {[%clk 0:02:36]} Rfe8 {[%clk 0:02:35]} 15. Rc1
{[%clk 0:02:35]} Qb6 {[%clk 0:02:32]} 16. Na4 {[%clk 0:02:33]} Qa5
{[%clk 0:02:20]} 17. Rc5 {[%clk 0:02:26]} Qc7 {[%clk 0:02:14]} 18. g5
{[%clk 0:01:37]} Nh5 {[%clk 0:01:51]} 19. Ne2 {[%clk 0:01:23]} d4
{[%clk 0:01:45]} 20. exd4 {[%clk 0:01:16]} Rad8 {[%clk 0:01:46]} 21. Qd2
{[%clk 0:00:34]} Qd6 {[%clk 0:01:38]} 22. Rc1 {[%clk 0:00:30]} Bxa2
{[%clk 0:01:25]} 23. Nac3 {[%clk 0:00:26]} Be6 {[%clk 0:01:22]} 24. Bg2
{[%clk 0:00:26]} Nxd4 {[%clk 0:01:19]} 25. Qxd4 {[%clk 0:00:24]} Qxd4+
{[%clk 0:01:17]} 26. Nxd4 {[%clk 0:00:25]} Rxd4 {[%clk 0:01:18]} 27. Rcd1
{[%clk 0:00:21]} Rb4 {[%clk 0:01:13]} 28. Rd2 {[%clk 0:00:22]} Nf4
{[%clk 0:01:12]} 29. Kg3 {[%clk 0:00:20]} Nh5+ {[%clk 0:01:03]} 30. Kf2
{[%clk 0:00:20]} g6 {[%clk 0:00:58]} 31. Ra1 {[%clk 0:00:18]} Rxh4
{[%clk 0:00:46]} 32. Rxa7 {[%clk 0:00:18]} Rb4 {[%clk 0:00:47]} 33. Bf1
{[%clk 0:00:10]} Rc8 {[%clk 0:00:42]} 34. Be2 {[%clk 0:00:07]} Kg7
{[%clk 0:00:39]} 35. Bf1 {[%clk 0:00:08]} Nf4 {[%clk 0:00:39]} 36. Kg3
{[%clk 0:00:08]} Bf5 {[%clk 0:00:31]} 37. Nb5 {[%clk 0:00:07]} Ne6
{[%clk 0:00:24]} 38. Nd6 {[%clk 0:00:07]} Rc5 {[%clk 0:00:23]} 39. Rxb7
{[%clk 0:00:05]} Rxb7 {[%clk 0:00:23]} 40. Nxb7 {[%clk 0:00:06]} Rc1
{[%clk 0:00:24]} 41. Be2 {[%clk 0:00:05]} Nxg5 {[%clk 0:00:25]} 42. Nd6
{[%clk 0:00:05]} Be6 {[%clk 0:00:22]} 43. f4 {[%clk 0:00:06]} Nh3 1-0

[Event "Russian Blitz Team Championship (m)"]
[Site "Sochi"]
[Date "2022.10.17"]
[Round "7.11"]
[White "Zvjaginsev, Vadim"]
[Black "Shomoev, Anton"]
[Result "1-0"]
[BlackElo "2499"]
[WhiteElo "2601"]
[LiveChessVersion "1.4.8"]

1. Nf3 {[%clk 0:03:03]} Nf6 {[%clk 0:03:03]} 2. c4 {[%clk 0:03:05]} c5
{[%clk 0:03:04]} 3. Nc3 {[%clk 0:03:05]} e6 {[%clk 0:03:04]} 4. e4
{[%clk 0:03:06]} Nc6 {[%clk 0:03:05]} 5. d4 {[%clk 0:03:07]} cxd4
{[%clk 0:03:05]} 6. Nxd4 {[%clk 0:03:08]} Bb4 {[%clk 0:03:07]} 7. Nxc6
{[%clk 0:03:08]} bxc6 {[%clk 0:03:00]} 8. Bd3 {[%clk 0:03:09]} e5
{[%clk 0:02:58]} 9. O-O {[%clk 0:03:09]} O-O {[%clk 0:02:58]} 10. h3
{[%clk 0:03:10]} h6 {[%clk 0:02:48]} 11. Be3 {[%clk 0:03:03]} Bxc3
{[%clk 0:02:38]} 12. bxc3 {[%clk 0:03:03]} d5 {[%clk 0:02:39]} 13. cxd5
{[%clk 0:02:48]} cxd5 {[%clk 0:02:40]} 14. exd5 {[%clk 0:02:43]} Qxd5
{[%clk 0:02:40]} 15. Be2 {[%clk 0:02:37]} Qe6 {[%clk 0:02:16]} 16. Qb3
{[%clk 0:02:36]} a5 {[%clk 0:01:58]} 17. Bc5 {[%clk 0:02:26]} Rd8
{[%clk 0:01:44]} 18. Bc4 {[%clk 0:02:26]} Qe8 {[%clk 0:01:45]} 19. Rfd1
{[%clk 0:02:20]} Rxd1+ {[%clk 0:01:28]} 20. Rxd1 {[%clk 0:02:21]} Ba6
{[%clk 0:01:29]} 21. Bxa6 {[%clk 0:01:52]} Rxa6 {[%clk 0:01:30]} 22. c4
{[%clk 0:01:48]} Ra8 {[%clk 0:01:06]} 23. Qb5 {[%clk 0:01:36]} Qe6
{[%clk 0:01:03]} 24. Be3 {[%clk 0:01:37]} a4 {[%clk 0:00:50]} 25. a3
{[%clk 0:01:35]} Kh7 {[%clk 0:00:16]} 26. c5 {[%clk 0:01:34]} Qb3
{[%clk 0:00:12]} 27. Qd3+ {[%clk 0:01:14]} Qxd3 {[%clk 0:00:10]} 28. Rxd3
{[%clk 0:01:15]} Kg6 {[%clk 0:00:08]} 29. Rd6 {[%clk 0:00:47]} Kf5
{[%clk 0:00:06]} 30. f3 {[%clk 0:00:48]} h5 {[%clk 0:00:04]} 31. g4+
{[%clk 0:00:48]} hxg4 {[%clk 0:00:05]} 32. hxg4+ {[%clk 0:00:50]} Kg6
{[%clk 0:00:05]} 33. g5 {[%clk 0:00:51]} 1-0

[Event "Russian Blitz Team Championship (m)"]
[Site "Sochi"]
[Date "2022.10.17"]
[Round "7.12"]
[White "Remizov, Yaroslav"]
[Black "Malakhov, Vladimir"]
[Result "1-0"]
[BlackElo "2654"]
[WhiteElo "2417"]
[LiveChessVersion "1.4.8"]

1. e4 {[%clk 0:03:03]} c6 {[%clk 0:03:04]} 2. d4 {[%clk 0:03:02]} d5
{[%clk 0:03:05]} 3. Nc3 {[%clk 0:03:03]} dxe4 {[%clk 0:03:06]} 4. Nxe4
{[%clk 0:03:05]} Nf6 {[%clk 0:03:07]} 5. Nxf6+ {[%clk 0:03:05]} exf6
{[%clk 0:03:08]} 6. Bd3 {[%clk 0:03:06]} Qxd4 {[%clk 0:03:03]} 7. Nf3
{[%clk 0:03:07]} Qd8 {[%clk 0:02:51]} 8. O-O {[%clk 0:03:07]} Be7
{[%clk 0:02:51]} 9. Qe2 {[%clk 0:03:03]} O-O {[%clk 0:02:48]} 10. Bf4
{[%clk 0:02:50]} Re8 {[%clk 0:02:04]} 11. Rad1 {[%clk 0:02:50]} Qb6
{[%clk 0:01:53]} 12. Rfe1 {[%clk 0:02:24]} Bg4 {[%clk 0:01:37]} 13. h3
{[%clk 0:01:08]} Bxf3 {[%clk 0:01:35]} 14. Qxf3 {[%clk 0:01:09]} Na6
{[%clk 0:01:36]} 15. Bc4 {[%clk 0:00:38]} Nc5 {[%clk 0:01:08]} 16. Qh5
{[%clk 0:00:31]} g6 {[%clk 0:01:08]} 17. Bxf7+ {[%clk 0:00:32]} Kg7
{[%clk 0:00:55]} 18. Qh6+ {[%clk 0:00:32]} 1-0

[Event "Russian Blitz Team Championship (m)"]
[Site "Sochi"]
[Date "2022.10.17"]
[Round "7.13"]
[White "Alekseev, Evgeny"]
[Black "Rodin, Dmitrij"]
[Result "1-0"]
[BlackElo "2242"]
[WhiteElo "2579"]
[LiveChessVersion "1.4.8"]

1. e4 {[%clk 0:03:02]} c5 {[%clk 0:03:03]} 2. Nf3 {[%clk 0:03:02]} e6
{[%clk 0:03:04]} 3. d4 {[%clk 0:03:03]} cxd4 {[%clk 0:03:05]} 4. Nxd4
{[%clk 0:03:03]} a6 {[%clk 0:03:07]} 5. Bd3 {[%clk 0:03:03]} g6 {[%clk 0:03:08]}
6. c4 {[%clk 0:03:02]} Bg7 {[%clk 0:03:09]} 7. Nf3 {[%clk 0:02:57]} d6
{[%clk 0:03:07]} 8. O-O {[%clk 0:02:56]} Nf6 {[%clk 0:03:08]} 9. Nc3
{[%clk 0:02:54]} O-O {[%clk 0:03:08]} 10. Bg5 {[%clk 0:02:46]} Qc7
{[%clk 0:02:47]} 11. Qd2 {[%clk 0:02:42]} Nbd7 {[%clk 0:02:33]} 12. Rad1
{[%clk 0:02:28]} Ne5 {[%clk 0:02:25]} 13. Nxe5 {[%clk 0:02:20]} dxe5
{[%clk 0:02:26]} 14. Be2 {[%clk 0:02:20]} Nd7 {[%clk 0:01:03]} 15. Qd6
{[%clk 0:02:09]} Qxd6 {[%clk 0:00:52]} 16. Rxd6 {[%clk 0:02:09]} f6
{[%clk 0:00:52]} 17. Be3 {[%clk 0:02:06]} Rf7 {[%clk 0:00:51]} 18. Rxe6
{[%clk 0:01:41]} Nf8 {[%clk 0:00:39]} 19. Rd6 {[%clk 0:01:16]} Be6
{[%clk 0:00:38]} 20. Rfd1 {[%clk 0:01:11]} Rc8 {[%clk 0:00:36]} 21. Nd5
{[%clk 0:01:08]} f5 {[%clk 0:00:19]} 22. f3 {[%clk 0:01:07]} h6 {[%clk 0:00:17]}
23. a4 {[%clk 0:00:52]} Kh7 {[%clk 0:00:12]} 24. a5 {[%clk 0:00:51]} Rd7
{[%clk 0:00:11]} 25. Rxe6 {[%clk 0:00:37]} Nxe6 {[%clk 0:00:08]} 26. Nf6+
{[%clk 0:00:38]} Bxf6 {[%clk 0:00:08]} 27. Rxd7+ {[%clk 0:00:39]} Kg8
{[%clk 0:00:07]} 28. Rxb7 {[%clk 0:00:28]} Bg5 {[%clk 0:00:06]} 29. Bxg5
{[%clk 0:00:26]} hxg5 {[%clk 0:00:07]} 30. b4 {[%clk 0:00:26]} Nd4
{[%clk 0:00:07]} 31. Bf1 {[%clk 0:00:24]} g4 {[%clk 0:00:08]} 32. c5
{[%clk 0:00:14]} gxf3 {[%clk 0:00:08]} 33. gxf3 {[%clk 0:00:14]} Nxf3+
{[%clk 0:00:09]} 34. Kf2 {[%clk 0:00:16]} Nd2 {[%clk 0:00:10]} 35. Bxa6
{[%clk 0:00:16]} Nxe4+ {[%clk 0:00:10]} 36. Ke3 {[%clk 0:00:17]} Rd8
{[%clk 0:00:11]} 37. c6 {[%clk 0:00:16]} Nd6 {[%clk 0:00:08]} 38. c7
{[%clk 0:00:15]} f4+ {[%clk 0:00:06]} 39. Ke2 {[%clk 0:00:15]} Nxb7
{[%clk 0:00:04]} 40. Bxb7 {[%clk 0:00:15]} 1-0

[Event "Russian Blitz Team Championship (m)"]
[Site "Sochi"]
[Date "2022.10.17"]
[Round "7.14"]
[White "Popov, Maksim"]
[Black "Shubin, Kirill"]
[Result "1/2-1/2"]
[BlackElo "2416"]
[WhiteElo "2200"]
[LiveChessVersion "1.4.8"]

1. Nf3 {[%clk 0:03:02]} Nf6 {[%clk 0:03:03]} 2. c4 {[%clk 0:03:03]} b6
{[%clk 0:03:04]} 3. g3 {[%clk 0:03:04]} Bb7 {[%clk 0:03:05]} 4. Bg2
{[%clk 0:03:05]} g6 {[%clk 0:03:07]} 5. Nc3 {[%clk 0:03:06]} Bg7 {[%clk 0:03:08]}
6. O-O {[%clk 0:03:07]} O-O {[%clk 0:03:08]} 7. Re1 {[%clk 0:03:08]} c5
{[%clk 0:03:08]} 8. e4 {[%clk 0:03:09]} Nc6 {[%clk 0:03:00]} 9. d3
{[%clk 0:02:58]} d6 {[%clk 0:02:58]} 10. Bg5 {[%clk 0:02:43]} Nd7
{[%clk 0:02:55]} 11. Qd2 {[%clk 0:02:41]} Re8 {[%clk 0:02:55]} 12. a3
{[%clk 0:02:40]} Nde5 {[%clk 0:02:51]} 13. Rab1 {[%clk 0:02:33]} Nxf3+
{[%clk 0:02:37]} 14. Bxf3 {[%clk 0:02:34]} a5 {[%clk 0:02:29]} 15. Bg2
{[%clk 0:02:33]} Nd4 {[%clk 0:02:24]} 16. b3 {[%clk 0:02:11]} Bc6
{[%clk 0:01:58]} 17. a4 {[%clk 0:02:11]} Bd7 {[%clk 0:01:39]} 18. Ne2
{[%clk 0:01:48]} Nc6 {[%clk 0:01:27]} 19. Rf1 {[%clk 0:01:31]} Qc8
{[%clk 0:01:26]} 20. Bh6 {[%clk 0:01:17]} Bh8 {[%clk 0:01:18]} 21. f4
{[%clk 0:01:04]} e6 {[%clk 0:01:05]} 22. Kh1 {[%clk 0:00:57]} Ra7
{[%clk 0:01:04]} 23. Nc3 {[%clk 0:00:53]} Nd4 {[%clk 0:01:00]} 24. Ne2
{[%clk 0:00:51]} Nc6 {[%clk 0:00:49]} 25. Nc3 {[%clk 0:00:52]} Nd4
{[%clk 0:00:50]} 26. Ne2 {[%clk 0:00:54]} 1/2-1/2